| 000 | 01005nam a22003017a 4500 | ||
|---|---|---|---|
| 001 | 612 | ||
| 005 | 20230627114225.0 | ||
| 008 | 230627b cb ||||| |||| 00| 0 eng d | ||
| 020 |
_a0060243376 : _c$2.95. _a0060243422 |
||
| 040 |
_aDLC _cDLC _dDLC _beng |
||
| 050 | 0 | 0 |
_aQL737.C432 _bM68 1975 |
| 082 | 0 | 0 | _a599/.53 |
| 100 | 1 |
_aMorris, Robert A. _q(Robert Ada), _d1933- |
|
| 245 | 1 | 0 |
_aDolphin / _cby Robert A. Morris ; pictures by Mamoru Funai. |
| 250 | _aFirst Harper Trophy edition, 1983. | ||
| 260 |
_aNew York : _bHarper & Row, _c1975. |
||
| 300 |
_a62 pages : _bcolor illustrations ; _c22 cm. |
||
| 490 | 0 | _aAn I can read book | |
| 505 | _aD | ||
| 520 | _aDescribes the birth and the first six months of life of a baby dolphin. | ||
| 521 |
_a180
_bLexile estimate |
||
| 521 |
_aD
_bRaz-Plus |
||
| 650 | 0 |
_aDolphins _xJuvenile literature. |
|
| 650 | 1 | _aDolphins. | |
| 700 | 1 | _aFunai, Mamoru. Illustrator. | |
| 906 |
_a7 _bcbc _corignew _d2 _eocip _f19 _gy-gencatlg |
||
| 942 |
_2ddc _cBK _n0 |
||
| 999 |
_c612 _d612 |
||